[Event "Bogota Distrito Capital op-B"]
[Site "Bogota"]
[Date "2024.09.21"]
[Round "4"]
[White "Valle, Efrain"]
[Black "Duque Pinzon, Manuel Santiago"]
[Result "0-1"]
[WhiteElo "1968"]
[BlackElo "1927"]
[PlyCount "186"]
[EventDate "2024.09.19"]
[EventType "swiss"]
[EventRounds "7"]
[EventCountry "COL"]
[SourceTitle "EXT 2025"]
[Source "ChessBase"]
[SourceDate "2024.10.14"]
[SourceVersion "1"]
[SourceVersionDate "2024.10.14"]
[SourceQuality "1"]

1. Nf3 d5 2. g3 c6 3. Bg2 Bg4 4. Ne5 Bf5 5. d4 Nd7 6. Nxd7 Qxd7 7. Nd2 Bh3 8. 0-0 h5 9. Nf3 h4 10. Qd3 Bxg2 11. Kxg2 hxg3 12. fxg3 Qh3+ 13. Kg1 Nf6 14. Rf2 Ne4 15. Rg2 0-0-0 16. Ne5 Qe6 17. Qf3 f6 18. Qg4 Qxg4 19. Nxg4 c5 20. e3 e6 21. Nf2 Ng5 22. Ng4 cxd4 23. h4 Ne4 24. exd4 Bd6 25. Nh2 Nxg3 26. Nf3 Nf5 27. Rg4 Rh7 28. Bd2 Rdh8 29. Re1 Kd7 30. Re2 Bg3 31. Be1 Bxe1 32. Rxe1 Kd6 33. c4 dxc4 34. Rge4 Re8 35. a4 Kd5 36. Rg4 Rc8 37. Kf2 c3 38. bxc3 Rxc3 39. Rb1 Rc2+ 40. Kg1 b6 41. Rb5+ Kd6 42. Re4 Rh6 43. Rg4 Rh8 44. a5 Rhc8 45. Rg2 Rxg2+ 46. Kxg2 Kc6 47. Rb1 bxa5 48. Re1 Kd5 49. Ra1 Rc2+ 50. Kg1 Ke4 51. Nh2 Ne3 52. Rxa5 Rc1+ 53. Kf2 Kf4 54. Rxa7 Rc2+ 55. Kg1 Rg2+ 56. Kh1 Rg3 57. Re7 Nf5 58. Rxe6 Nxd4 59. Ra6 Ne2 60. Ra4+ Kf5 61. Ra5+ Kg6 62. Ra1 Kh5 63. Re1 Nf4 64. Rf1 Nh3 65. Nf3 Kg4 66. Nd4 Nf4 67. Kh2 Rh3+ 68. Kg1 Rxh4 69. Kf2 Rh2+ 70. Ke3 g5 71. Ke4 Rg2 72. Nf5 Re2+ 73. Ne3+ Kh5 74. Rh1+ Kg6 75. Kf3 Ra2 76. Rb1 Ra3 77. Kf2 Nd3+ 78. Ke2 Ne5 79. Rb8 Ra2+ 80. Kf1 g4 81. Rg8+ Kh5 82. Nf5 Rb2 83. Ng3+ Kh6 84. Nf5+ Kh7 85. Rg7+ Kh8 86. Ra7 Rd2 87. Ra6 Nd7 88. Ke1 Rd5 89. Ne3 Re5 90. Kf2 f5 91. Ra8+ Kh7 92. Ra7 g3+ 93. Kf3 Re7 0-1